000
00343pam a2200157a 44500
008
230515b2015 xxu||||| |||| 00| 0 eng d
020
_a
NULL
041
_a
ENGLISH
082
_a
611
100
_a
CHAURASIA B D
245
_a
HANDBOOK OF GENREAL ANATOMY
250
_a
5
260
_a
_b
C B S PUB
_c
2015
300
_a
370
650
_a
NULL
999
_c
564974
_d
564974